Normal view MARC view
  • Richards, M. A.

Entry Personal Name

Number of records used in: 1

001 - CONTROL NUMBER

  • control field: 38625

003 - CONTROL NUMBER IDENTIFIER

  • control field: OSt

005 - DATE AND TIME OF LATEST TRANSACTION

  • control field: 20151101145342.0

008 - FIXED-LENGTH DATA ELEMENTS

  • fixed length control field: 151101|| aca||aabn | a|a d

040 ## - CATALOGING SOURCE

  • Original cataloging agency: OSt

100 10 - HEADING--PERSONAL NAME

  • Personal name: Richards, M. A.
  • Fuller form of name: (Mark A.),
  • Dates associated with a name: 1952-

400 10 - SEE FROM TRACING--PERSONAL NAME

  • Personal name: Richards, Mark A.,
  • Dates associated with a name: 1952-